Catàleg del Col·legi de Periodistes de Catalunya

Annuaire des adhérents 2025 (Registre núm. 8041)

000 -CABECERA
Campo de control de longitud fija 00410nam a22001337a 4500
008 - CAMPO FIJO DE DESCRIPCIÓN FIJA--INFORMACIÓN GENERAL
Campo de control de longitud fija 251114b ||||| |||| 00| 0 eng d
040 ## - FUENTE DE CATALOGACIÓN
Agencia de catalogación original CDMR
110 ## - ENCABEZAMIENTO PRINCIPAL--NOMBRE CORPORATIVO
9 (RLIN) 5008
Nombre corporativo o de jurisdicción como elemento de entrada Journalistes écrivains pour la Nature et l'Ecologie
245 ## - MENCIÓN DE TÍTULO
Título Annuaire des adhérents 2025
260 ## - PUBLICACIÓN, DISTRIBUCIÓN, ETC (PIE DE IMPRENTA)
Lugar de publicación, distribución, etc. Paris:
Nombre del editor, distribuidor, etc. Association des JNE
Fecha de publicación, distribución, etc. 2025
300 ## - DESCRIPCIÓN FÍSICA
Extensión 158 p.
650 #0 - ASIENTO SECUNDARIO DE MATERIA--TÉRMINO DE MATERIA
9 (RLIN) 5009
Nombre de materia o nombre geográfico como elemento de entrada Periodisme ambiental
Subdivisión de forma Anuaris i Directoris
942 ## - ELEMENTOS KOHA
Fuente de clasificación o esquema de ordenación en estanterías
Koha tipo de item Monografies
Fons
Suprimido Perdido Fuente de clasificación o esquema de ordenación en estanterías Estropeado No se presta Localización (Biblioteca) Sublocalización o Colección (subbiblioteca) Fecha de adquisición Fuente de adquisición Coste, precio normal de compra Koha signatura completa Designación de pieza (código de barras) Koha Fecha de último uso Precio Koha tipo de item
          Centre de Documentació Montserrat Roig Centre de Documentació Montserrat Roig 2025-11-14 Donació 46.00 Bb CDMR25111257 2025-11-14 2025-11-14 Monografies

Implantat amb Koha